Statistiche per Elenca la formazione - Quiz n°113

Clicka qui per fare il quiz!

Statistiche generali

  • Questo quiz è stato fatto 9 volte
  • Il punteggio medio è 5 su 11

Statistiche sulle risposte

RuoloNazioneCalciatore% Corretto
PortiereRepubblica CecaPetr Čech
100%
CentrocampistaSvizzeraGranit Xhaka
89%
CentrocampistaEgittoMohamed Elneny
78%
DifensoreGermaniaPer Mertesacker
44%
AttaccanteFranciaAlexandre Lacazette
33%
AttaccanteNigeriaAlex Iwobi
33%
CentrocampistaSpagnaHéctor Bellerín
33%
CentrocampistaInghilterraAlex Oxlade-Chamberlain
22%
AttaccanteInghilterraDanny Welbeck
22%
DifensoreSpagnaNacho Monreal
22%
DifensoreInghilterraRob Holding
22%

Distribuzione punteggi

Percentile per numero di risposta

Percentuale di utenti per punteggio

I tuoi punteggi nel tempo

Non hai fatto questo quiz